| 000 | 00426nam a2200157Ia 4500 | ||
|---|---|---|---|
| 008 | 230719s9999 xx 000 0 und d | ||
| 041 | _aeng | ||
| 082 |
_a004.165 _bMAZ |
||
| 100 | _aMazidi M.A. | ||
| 245 |
_a8051 Microcontroller And Embedded Systems _bUsing Assembly And C |
||
| 250 | _a2nd ed. | ||
| 260 |
_c2006 _bPearson |
||
| 300 | _a547 | ||
| 365 |
_cRs. _b355.00 |
||
| 700 | _aMazidi M.A.; Mazidi J.G. & Mckinlay R.D. | ||
| 999 |
_c354520 _d354520 |
||